Lost beyond telling : representations of death and absence in modern French poetry /

Bibliographic Details
Main Author: Stamelman, Richard Howard
Format: Book
Language:English
Published: Ithaca : Cornell University Press, 1990.
Subjects:

MARC

Tag First Indicator Second Indicator Subfields
LEADER 00000cam a22000008a 4500
001 in00000972700
005 20150927111209.0
008 900228s1990 nyu 00110 eng
010 |a  90055127  
020 |a 0801424089 (alk. paper) 
035 |a (OCoLC)21303965 
035 |9 AEW0719AM 
040 |a DLC  |c DLC  |d TXA  |d UtOrBLW 
043 |a e-fr--- 
049 |a TXAM 
050 0 0 |a PQ443  |b .S74 1990 
082 0 0 |a 841.009/354  |2 20 
100 1 |a Stamelman, Richard Howard. 
245 1 0 |a Lost beyond telling :  |b representations of death and absence in modern French poetry /  |c Richard Stamelman. 
263 |a 9012 
264 1 |a Ithaca :  |b Cornell University Press,  |c 1990. 
300 |a xvi, 291 pages  
336 |a text  |b txt  |2 rdacontent 
337 |a unmediated  |b n  |2 rdamedia 
338 |a volume  |b nc  |2 rdacarrier 
504 |a Includes bibliographical references and index. 
650 0 |a French poetry  |y 20th century  |x History and criticism. 
650 0 |a French poetry  |y 19th century  |x History and criticism. 
650 0 |a Separation (Psychology) 
650 0 |a Death in literature. 
999 |a MARS 
999 f f |s 1170618f-9198-330c-8f4d-822951fcc02a  |i bae9a441-2f78-3fab-9847-e96c5e4263ff  |t 0 
952 f f |p normal  |a Texas A&M University  |b College Station  |c Sterling C. Evans Library  |d Evans: Library Stacks  |t 0  |e PQ443 .S74 1990  |h Library of Congress classification  |i unmediated -- volume  |m A14814040289 
998 f f |a PQ443 .S74 1990  |t 0  |l Evans: Library Stacks